Quantitative aspects of magnetospheric physics (Record no. 8349)

MARC details
000 -LEADER
fixed length control field 00670nam a2200205Ia 4500
003 - CONTROL NUMBER IDENTIFIER
control field IN-BaIIA
008 - FIXED-LENGTH DATA ELEMENTS--GENERAL INFORMATION
fixed length control field 211028s9999 xx 000 0 eng d
020 ## - INTERNATIONAL STANDARD BOOK NUMBER
International Standard Book Number 90-277-1663-3
040 ## - CATALOGING SOURCE
Transcribing agency IIA Library
080 ## - UNIVERSAL DECIMAL CLASSIFICATION NUMBER
Universal Decimal Classification number 551.510.5
Item number LYO
100 ## - MAIN ENTRY--PERSONAL NAME
Personal name Lyons, L. R.
9 (RLIN) 13994
245 #0 - TITLE STATEMENT
Title Quantitative aspects of magnetospheric physics
Statement of responsibility, etc. L. R. Lyons and D. J. Williams
260 ## - PUBLICATION, DISTRIBUTION, ETC.
Place of publication, distribution, etc. Dordrecht
Name of publisher, distributor, etc. D. Reidel Publishing
Date of publication, distribution, etc. 1984
300 ## - PHYSICAL DESCRIPTION
Extent xv, 231p.
650 ## - SUBJECT ADDED ENTRY--TOPICAL TERM
Topical term or geographic name entry element Astronomy and astrophysics thesaurus
650 ## - SUBJECT ADDED ENTRY--TOPICAL TERM
Topical term or geographic name entry element Magnetosphere
9 (RLIN) 3270
650 ## - SUBJECT ADDED ENTRY--TOPICAL TERM
Topical term or geographic name entry element Magnetospheric substroms
9 (RLIN) 10003
700 ## - ADDED ENTRY--PERSONAL NAME
Personal name Williams, D. J.
9 (RLIN) 13995
942 ## - ADDED ENTRY ELEMENTS (KOHA)
Koha item type Books
Holdings
Withdrawn status Lost status Damaged status Not for loan Home library Current library Shelving location Date acquired Total Checkouts Full call number Barcode Date last seen Price effective from Koha item type Purchase Price
        IIA Library-Bangalore IIA Library-Bangalore General Stacks 10/07/1985   551.510.5/ LYO 9197 05/11/2021 10/07/1985 Books DFL 130.00

Powered by Koha